| 000 | 01191cam a2200277 a 4500 | ||
|---|---|---|---|
| 001 | 13808715 | ||
| 005 | 20051117185643.0 | ||
| 008 | 041207s2005 ncu | b 001 0 eng d | ||
| 010 | _a 2004117453 | ||
| 020 | _a1594600937 | ||
| 040 |
_aDLC _cDLC _dDLC |
||
| 050 | 0 | 0 |
_aKZ1242 _b.E67 2005 |
| 082 | 0 | 0 |
_a341 _222 _bEPP |
| 100 | 1 |
_aEpps, Valerie, _d1943- _910072 |
|
| 245 | 1 | 0 |
_aInternational Law / _cValerie Epps |
| 250 | _a3rd ed. | ||
| 260 |
_aDurham, N.C. : _bCarolina Academic Press, _cc2005. |
||
| 300 |
_axxvii, 466 p. ; _c26 cm. |
||
| 500 | _aDonation | ||
| 650 | 0 |
_aInternational law. _910073 |
|
| 700 | 1 |
_aEpps, Valerie, _d1943- _tInternational law for undergraduates. _910074 |
|
| 942 |
_2ddc _cBB |
||
| 999 |
_c13072 _d13072 |
||